Góp phần tìm hiểu quan niệm nghệ thuật của Nguyễn Tuân Luận văn tốt nghiệp Đại học Sư phạm ngành Ngữ văn khóa 19

সংরক্ষণ করুন:
গ্রন্থ-পঞ্জীর বিবরন
প্রধান লেখক: Đoàn Nhật Hồ
বিন্যাস: গ্রন্থ
ভাষা:Undetermined
প্রকাশিত: Cần Thơ Trường Đại học Cần Thơ, Khoa Sư phạm, Bộ môn Ngữ văn 1997
ট্যাগগুলো: ট্যাগ যুক্ত করুন
কোনো ট্যাগ নেই, প্রথমজন হিসাবে ট্যাগ করুন!
Thư viện lưu trữ: Trung tâm Học liệu Trường Đại học Cần Thơ
LEADER 00726nam a2200181Ia 4500
001 CTU_33435
008 210402s9999 xx 000 0 und d
082 |a 808.3 
082 |b H450/1997 
100 |a Đoàn Nhật Hồ 
245 0 |a Góp phần tìm hiểu quan niệm nghệ thuật của Nguyễn Tuân 
245 0 |b Luận văn tốt nghiệp Đại học Sư phạm ngành Ngữ văn khóa 19 
245 0 |c Đoàn Nhật Hồ 
260 |a Cần Thơ 
260 |b Trường Đại học Cần Thơ, Khoa Sư phạm, Bộ môn Ngữ văn 
260 |c 1997 
904 |i Nguyễn Quang Điền, 991029 
980 |a Trung tâm Học liệu Trường Đại học Cần Thơ